000 01038nam a2200241 a 4500
001 45005
003 BD-RjUL
005 20211209053940.0
008 160721s1965 ii ||||| |||| 00| 0 ben d
035 _a(BD-RjUL)45123
040 _aBD-RjUL
_bben
_cBD-RjUL
041 _aben
082 _223
_a891.44309
_bVOB 1965
100 1 _aভট্টাচার্য্য, পৃথ্বীশ চন্দ্র
_9137910
245 1 0 _aবিশ্ব-সাহিত্য ও শরৎচন্দ্র /
_cপৃথ্বীশ চন্দ্র ভট্টাচার্য্য
250 _a১ম সং.
260 _aকলিকাতা :
_bসাহিত্য জগৎ,
_c১৯৬৫
300 _axiii, ৫৩৪ পৃ. ;
_c১৮ সেমি.
504 _aগ্রন্থপঞ্জী সংযুক্ত
600 _aচট্টোপাধ্যায়, শরৎচন্দ্র ১৮৭৬-১৯৩৮
_9118343
600 _aCattopadhyaya, Saratcandra 1876-1938
_9118344
942 _2ddc
_cBK
999 _c45005
_d45005